000 00873cab a22002055a 4500
001 L145489
008 081015e20081010xxko f 000 0 eng d
035 _a(Sirsi) u145489
041 0 _aeng
100 1 _aStothart, Chloe
245 0 0 _aHousing products
_binterior finishes
260 _c2008
490 0 _aBuilding
_v273 (8550) 10 October 2008, 92-93 (2)
520 _aPresents a range of innovative products for interior finishes. In the list are: a magnetic wallpaper; partition boards; textured wallcoverings; emulsion paint; tactile Formica; shower enclosure; translucent concrete; fibre board flooring; stainless steel handrails; and wooden flooring.
590 _aKA
651 4 _aUnited Kingdom
_y
690 _aBUILT ENVIRONMENT-BUILDING MATERIALS
690 _aBUILT ENVIRONMENT-BUILDING ELEMENTS-PARTS OF BUILDING ELEMENTS-INTERNAL FINISHES
942 _n0
999 _c80833
_d80833